书目信息 |
| 题名: |
大学义证
|
|
| 作者: | 黎荔 著 | |
| 分册: | ||
| 出版信息: | 天津 天津社会科学出版社 2021.03 |
|
| 页数: | 190页 | |
| 开本: | 24cm | |
| 丛书名: | ||
| 单 册: | ||
| 中图分类: | B222.15 | |
| 科图分类: | ||
| 主题词: | 儒家--ru jia | |
| 电子资源: | ||
| ISBN: | 978-7-5563-0667-1 | |
| 000 | 00898nam0 2200265 450 | |
| 001 | CAL 0120217171065 | |
| 005 | 20230217093113.0 | |
| 010 | @a978-7-5563-0667-1@dCNY59.00 | |
| 100 | @a20210603d2021 em y0chiy0120 ea | |
| 101 | 0 | @achi |
| 102 | @aCN@b120000 | |
| 105 | @ay z 000yy | |
| 106 | @ar | |
| 200 | 1 | @a大学义证@Ada xue yi zheng@e全本全注全解@f黎荔著 |
| 210 | @a天津@c天津社会科学出版社@d2021.03 | |
| 215 | @a190页@d24cm | |
| 300 | @a西安交通大学人文社科资金资助 | |
| 314 | @a黎荔, 北京大学博士。 | |
| 330 | @a本书以《礼记》之《大学》文本为基础, 以历代注解为参考, 集中分析朱熹《大学章句》、黎立武《大学本旨》、王阳明《大学问》、憨山大师《大学纲目决疑题辞》、孙其逢《大学近指》等的得失。 | |
| 605 | @a大学@Ada xue@x研究 | |
| 606 | 0 | @a儒家@Aru jia |
| 690 | @aB222.15@v5 | |
| 701 | 0 | @a黎荔@Ali li@4著 |
| 801 | 0 | @aCN@bBJXHZP@c20230228 |
| 905 | @b1388256-9@dB222.15@e1071@f4 | |
| 大学义证:全本全注全解/黎荔著.-天津:天津社会科学出版社,2021.03 |
| 190页;24cm |
| 西安交通大学人文社科资金资助 |
| ISBN 978-7-5563-0667-1:CNY59.00 |
| 本书以《礼记》之《大学》文本为基础, 以历代注解为参考, 集中分析朱熹《大学章句》、黎立武《大学本旨》、王阳明《大学问》、憨山大师《大学纲目决疑题辞》、孙其逢《大学近指》等的得失。 |
| ● |
| 相关链接 |
|
|
|
|
正题名:大学义证
索取号:B222.15/1071
 
预约/预借
| 序号 | 登录号 | 条形码 | 馆藏地/架位号 | 状态 | 备注 |
| 1 | 1388256 | 213882565 | 第一样本阅览室/ [索取号:B222.15/1071] | 在馆 | |
| 2 | 1388257 | 213882574 | 第一借阅区/ [索取号:B222.15/1071] | 在馆 | |
| 3 | 1388258 | 213882583 | 第一借阅区/ [索取号:B222.15/1071] | 在馆 | |
| 4 | 1388259 | 213882592 | 第一借阅区/ [索取号:B222.15/1071] | 在馆 |